LEADER 00840nam0-2200301---450- 001 990009409570403321 005 20110729174943.0 035 $a000940957 035 $aFED01000940957 035 $a(Aleph)000940957FED01 035 $a000940957 100 $a20110729d1966----km-y0itay50------ba 101 0 $aeng 102 $aUS 105 $aa---a---001yy 200 1 $aNonlinear problems in random theory$fby Norbert Wiener 210 $aMassachusetts$cThe MIT Press$d1966 215 $aviii, 131 p.$cill.$d20 cm 610 0 $aProbabilità 610 0 $aStatistica 700 1$aWiener,$bNorbert$f<1894-1964>$02095 801 0$aIT$bUNINA$gRICA$2UNIMARC 901 $aBK 912 $a990009409570403321 952 $a18-014.002$bF.D. 493$fFI1 959 $aFI1 996 $aNonlinear problems in random theory$9336539 997 $aUNINA